Представление документа в формате RUSMARC

ПолеНазваниеЗначение
  Тип записи a
  Библиографический уровень m
001 Контрольный номер RU/SLIB/B/208705567
005 Дата корректировки 20231009155834.1
010 Индекс ISBN __
d Цена 176-70
101 Язык документа 0_
a Язык текста rus
200 Заглавие и сведения об ответственности 1_
a Заглавие Ваш дом I
f Первые сведения об ответственности ред. М. Беляков, И. Нилова ; пер.: С. Фридлянд, Ю. Якимович
b Общее обозначение материала Текст
210 Выходные данные 1_
a Место издания М.
c Издательство Внешсигма
c Издательство АСТ
d Дата издания 1999
215 Физическое описание __
a Объем 359 с.
c Иллюстрации/тип воспроизводства ил.
225 Серия 2_
a Серия Современная энциклопедия домашнего хозяйства
606 Тематические рубрики __
a Основная рубрика Строительство
606 Тематические рубрики __
a Основная рубрика Жилищное строительство
610 Ключевые слова 0_
a Ключевые слова домоводство; жилищно-коммунальное хозяйство; планирование; дизайн; дома; домострой; жилые помещения; жилье; интерьер; камины; печи; строительные материалы; стройки
686 Индексы других классификаций __
2 Код системы rubbks
a Классификационный индекс 38.711я2
702 Вторичная интеллектуальная ответственность _1
a Фамилия Беляков
b Имя М.
4 Код отношения Редактор
4 Код отношения 340
702 Вторичная интеллектуальная ответственность _1
a Фамилия Нилова
b Имя И.
4 Код отношения Редактор
4 Код отношения 340
702 Вторичная интеллектуальная ответственность _1
a Фамилия Фридлянд
b Имя С.
4 Код отношения Переводчик
4 Код отношения 730
702 Вторичная интеллектуальная ответственность _1
a Фамилия Якимович
b Имя Ю.
4 Код отношения Переводчик
4 Код отношения 730
801 Источник записи _0
a Страна RU
b Организация Муниципальное бюджетное учреждение культуры "Централизованная библиотечная система" г. Сургут (Центральная городская библиотека им. А. С. Пушкина)
g Правила каталогизации ОБ/Бутенко
801 Источник записи _1
a Страна RU
b Организация Муниципальное бюджетное учреждение культуры "Централизованная библиотечная система" г. Сургут (Центральная городская библиотека им. А. С. Пушкина)
g Правила каталогизации ОБ/Бутенко
852 Данные о местонахождении __
j Шифр хранения 38.711я2
c Каталожный индекс 38.711я2
i Авторский знак В 23
p Инвентарный номер 75646
901 Тип документа __
t Тип документа m
903 Характеристики (МАРС) __
a Дата передачи 20000621
969 Тип издания __
a Тип издания энциклопедия
990 Данные о заказе (DOS) 00
j Количество экземпляров (DOS) 1
t N записи в КСУ для И/У (DOS) 200001